| 000 | 00997nam a2200349 a 4500 | ||
|---|---|---|---|
| 999 |
_c7210 _d7210 |
||
| 001 | 7210 | ||
| 003 | BD - Jhcc | ||
| 005 | 20180206130412.0 | ||
| 008 | 060112s2006 enk 000 1 eng | ||
| 020 |
_a9780141025872 (pbk.) : _c£7.99 |
||
| 020 |
_a0141025875 (pbk.) : _c£7.99 |
||
| 035 | _a(BD - Jhcc)7210 | ||
| 035 | _a(UkLCURL)72013436613 | ||
| 038 | _aUk | ||
| 040 |
_aStDuBDS _cStDuBDS _dUk _dBD - Jhcc |
||
| 041 | 1 |
_aeng _hfre |
|
| 082 | 0 | 4 |
_a843.912 _222 _bSIM |
| 090 |
_aBLI 2004 _bH.2006/3526 |
||
| 100 | 1 |
_aSimenon, Georges, _d1903-1989. |
|
| 240 | 1 | 0 | _aHomme qui regardait passer les trains. |
| 245 | 1 | 4 |
_aThe man who watched the trains go by / _cGeorges Simenon. |
| 250 | _aNew ed. | ||
| 260 |
_aLondon : _bPenguin, _c2006. |
||
| 300 |
_a210 p. ; _c18 cm. |
||
| 490 | 1 | _aPenguin red classics | |
| 500 | _aPrevious ed.: 2004. | ||
| 500 |
_aFormerly CIP. _5Uk |
||
| 650 | 0 |
_aMentally ill _vFiction. |
|
| 830 | 0 | _aRed classics | |
| 942 |
_2ddc _cBK |
||